| 000 | 01121nam a22002537a 4500 | ||
|---|---|---|---|
| 005 | 20100807121516.0 | ||
| 010 | _aHIN-90048 | ||
| 020 |
_c300.00 _a9789380208046 |
||
| 035 | _aHN-62394 | ||
| 037 | _bDBAD / PUB | ||
| 082 | _a821.08 | ||
| 100 |
_aअमित सिंह _98379 |
||
| 245 |
_aशोभनाथ यादव के काव्य में आधुनिकता / _cअमित सिंह |
||
| 246 |
_aShabhnath Yadav ke Kavya Mein Aadhunikta _bby Amit Singh |
||
| 260 |
_aदिल्ली _bराही प्रकाशन _c2010 |
||
| 270 |
_aएल-45, गली नं.-5, करतार नगर _bदिल्ली _e110053 |
||
| 300 |
_a159पृ _c22सेमी (सजिल्द) _bसचित्र |
||
| 500 | _aपरिशिष्ट-II (संदर्भ सूची) | ||
| 700 | _97228 | ||
| 700 | _97267 | ||
| 700 | _97698 | ||
| 942 |
_adpl _cHN _k _2ddc _mअमित _h821.08 |
||
| 999 |
_c40016 _d40016 |
||